Dôchodková reforma je kľúčová pre budúci hospodársky rozvoj

Pohľad na prvý a druhý pilier dôchodkového systému v pripravovanej dôchodkovej reforme. Ich výhody a riziká. Zákonný dôchodkový vek v krajinách Európy. Skutočný vek odchodu do dôchodku v jednotlivých krajinách Európy.

Salvato in:
Dettagli Bibliografici
Autore principale: Jurzyca, Eugen
Altri autori: Goliaš, Peter
Natura: Capitolo di libro
Lingua:slovacco
Soggetti:
Tags: Aggiungi Tag
Nessun Tag, puoi essere il primo ad aggiungerne!!

MARC

LEADER 00000naa a2200000 4500
001 r048781
005 20230925124744.4
041 0 |a slo 
044 |a SK 
245 1 0 |a Dôchodková reforma je kľúčová pre budúci hospodársky rozvoj  |c Eugen Jurzyca, Peter Goliaš 
520 |a Pohľad na prvý a druhý pilier dôchodkového systému v pripravovanej dôchodkovej reforme. Ich výhody a riziká. Zákonný dôchodkový vek v krajinách Európy. Skutočný vek odchodu do dôchodku v jednotlivých krajinách Európy. 
610 2 0 |a reformy dôchodkové 
610 2 0 |a systémy dôchodkové 
610 2 0 |a zabezpečenie dôchodkové 
610 2 0 |a dôchodky starobné 
610 2 0 |a vek neproduktívny 
610 2 0 |a Slovensko 
610 2 0 |a Európa 
100 1 |a Jurzyca, Eugen 
700 1 |a Goliaš, Peter